000 00321nam a22001337a 4500
020 _qHB.
040 _cFIZZA ISHAQ
082 _a880
_bEDI
100 _aHAMILTON,EDITH.
_949245
245 _aTHE GREEK WAY /
_cEDITH HAMILTON.
260 _aNEW YORK ;
_bNORTON,
_c1930.
300 _a347 P. ;
_c8.9X5.9IN
942 _2ddc
_cBK
999 _c616754
_d616754